[Event "Reykjavik Open 2024"]
[Site "Reykjavik ISL"]
[Date "2024.03.19"]
[Round "7.127"]
[White "Grigoriev, Dmitriy"]
[Black "Brade, Henry"]
[Result "1-0"]
[WhiteElo "1986"]
[BlackElo "1771"]
[WhiteFideId "34181676"]
[BlackFideId "519456"]
[EventDate "2024.03.15"]

1. e4 c5 2. d4 cxd4 3. Qxd4 Nc6 4. Qd3 Nf6 5. Nc3 e6 6. Bf4 Bb4 7. O-O-O Bxc3 8.
Qxc3 O-O 9. f3 d5 10. Ne2 Qb6 11. Be3 Qc7 12. Bg5 Nd7 13. exd5 exd5 14. Rxd5 Nb6
15. Rd1 Be6 16. Nd4 Nd5 17. Qc5 h6 18. Nxe6 fxe6 19. Bd2 Rac8 20. Bd3 Qf7 21.
Rhe1 Ncb4 22. Qd4 Nxd3+ 23. Qxd3 Rfd8 24. Qe4 Rc6 25. c3 Rdc8 26. Be3 Rxc3+ 27.
bxc3 Nxc3 28. Qd3 Qc7 29. Kd2 Nxd1 30. Kxd1 Rd8 31. Bd4 e5 32. Re4 Qa5 33. Qc4+
Kh8 34. f4 exd4 35. Rxd4 Qh5+ 36. Kc2 Re8 37. Re4 Rf8 38. Qb4 Qf7 39. Qc4 Qf6
40. Qd4 Rc8+ 41. Kb2 Qc6 42. Qd3 a5 43. a4 b5 44. axb5 Qc5 45. Rd4 Qc1+ 46. Kb3
Qc7 47. Rd7 Qb6 48. Rd6 Qb8 49. b6 Qa8 50. Qd5 a4+ 51. Kb4 a3 52. Qxa8 Rxa8 53.
Rd1 a2 54. Ra1 Kg8 55. Kb5 Ra3 56. Kc4 Ra8 57. Kd5 Ra6 58. Kc5 Ra3 59. Kc4 Ra8
60. Kc5 Ra3 61. Kd5 Ra6 62. b7 Rb6 63. Rxa2 Rxb7 64. Ke6 Rb6+ 65. Kf5 g6+ 66.
Kg4 Kf7 67. g3 Kf6 68. Ra5 Rc6 69. Kh4 Re6 70. f5 gxf5 71. Kh5 Re8 72. Ra6+ Kg7
73. Rg6+ Kf7 74. Rxh6 Rg8 75. Kh4 Rg4+ 76. Kh3 Re4 77. Kg2 Kg7 78. Rc6 Re2+ 79.
Kg1 Rd2 80. Re6 Rd1+ 81. Kg2 Rd2+ 82. Kg1 Rd1+ 83. Kg2 Rd2+ 84. Kh3 Rd4 85. Re2
Kg6 86. Kg2 Kg5 87. h3 Rc4 88. Rb2 Ra4 89. Kf3 Ra1 90. h4+ Kh5 91. Rb5 Kg6 92.
Rb6+ Kh5 93. Rf6 Ra5 94. Kf4 Ra4+ 95. Kxf5 Rg4 96. Rh6+ Kxh6 97. Kxg4 Kg6 98.
h5+ Kg7 99. Kg5 Kh7 100. g4 Kg7 101. Kf5 Kh7 102. Kf6 Kh6 103. g5+ Kh7 104. Kf7
Kh8 105. h6 Kh7 106. g6+ Kh8 107. g7+ 1-0

[Event "Reykjavik Open 2024"]
[Site "Reykjavik ISL"]
[Date "2024.03.19"]
[Round "7.128"]
[White "Ragnarsson, Johann"]
[Black "Mork, Peter"]
[Result "1-0"]
[WhiteElo "1948"]
[BlackElo "1755"]
[WhiteFideId "2301040"]
[BlackFideId "1580604"]
[EventDate "2024.03.15"]

1. d4 d5 2. c4 c6 3. cxd5 cxd5 4. Bf4 Nc6 5. Nc3 a6 6. Rc1 Nf6 7. e3 Bf5 8. Nf3
e6 9. Qb3 Na5 10. Qa4+ Nc6 11. Ne5 Qb6 12. Nb5 Bb4+ 13. Kd1 O-O 14. Nc7 Nxe5 15.
Nxa8 Rxa8 16. Bxe5 Be7 17. Qb3 Qd8 18. Qxb7 Ne4 19. Bxa6 Nxf2+ 20. Ke2 Nxh1 21.
Rxh1 f6 22. Bc7 Qe8 23. Rc1 e5 24. Qxd5+ Kh8 25. Bb7 Bg4+ 26. Kf2 Rxa2 27. Qxa2
Qb5 28. Qa8+ 1-0

[Event "Reykjavik Open 2024"]
[Site "Reykjavik ISL"]
[Date "2024.03.19"]
[Round "7.129"]
[White "Jaroszewicz, Dawid"]
[Black "Slikker, Willem"]
[Result "0-1"]
[WhiteElo "1757"]
[BlackElo "1936"]
[WhiteFideId "41809742"]
[BlackFideId "1081330"]
[EventDate "2024.03.15"]

1. d4 d5 2. c4 e6 3. Nf3 a6 4. cxd5 exd5 5. Bf4 Nf6 6. Qc2 c6 7. e3 Bd6 8. Bg5
h6 9. Bh4 O-O 10. Bd3 Re8 11. Nbd2 Nbd7 12. O-O g5 13. Bg3 Bxg3 14. hxg3 Qe7 15.
Bf5 Ne4 16. Bxd7 Bxd7 17. Ne5 Bf5 18. Nxe4 Bxe4 19. Qe2 f6 20. Nd3 Bxd3 21. Qxd3
Qe4 22. Qb3 Re7 23. Rae1 f5 24. f3 Qe6 25. Kf2 Rae8 26. Qc3 Kg7 27. b4 Qf6 28.
Qd2 h5 29. Rh1 Rh8 30. a4 Kg6 31. Qd3 Rhe8 32. Rh3 Re4 33. Rhh1 R4e6 34. g4 hxg4
35. fxg4 Re4 36. gxf5+ Qxf5+ 37. Kg1 Kg7 38. Rf1 Qg6 39. Re1 g4 40. Re2 g3 41.
Qd2 Rxe3 42. Rxe3 Qb1+ 43. Re1 Rxe1+ 44. Qxe1 Qxe1# 0-1

[Event "Reykjavik Open 2024"]
[Site "Reykjavik ISL"]
[Date "2024.03.19"]
[Round "7.130"]
[White "Joensen, Henrik W."]
[Black "Becke, Wolf"]
[Result "1-0"]
[WhiteElo "1751"]
[BlackElo "1928"]
[WhiteFideId "7203780"]
[BlackFideId "16203038"]
[EventDate "2024.03.15"]

1. e4 g6 2. d4 Bg7 3. Nf3 d6 4. Be2 Nd7 5. Nc3 e6 6. O-O Ne7 7. Be3 h6 8. Qd2 b6
9. Rad1 Bb7 10. Rfe1 a6 11. a4 Kf8 12. e5 Nf5 13. h3 Nxe3 14. Qxe3 d5 15. Qf4
Qe7 16. Bd3 Kg8 17. Ne2 c5 18. c3 Kh7 19. h4 h5 20. Qg3 Bh6 21. Nf4 Bxf4 22.
Qxf4 Kg7 23. Ng5 Bc6 24. b3 Rhf8 25. Qg3 Rfc8 26. Re3 Nf8 27. Rf3 Be8 28. Nh3 c4
29. bxc4 Rxc4 30. Bxc4 dxc4 31. Ng5 Nh7 32. Nxh7 Kxh7 33. Rb1 b5 34. axb5 Bxb5
35. Qf4 Kg8 36. Qe4 Rd8 37. Qf4 Rd7 38. Rg3 Qd8 39. Rh3 Kg7 40. g4 Qh8 41. Qf6+
Kg8 42. Qxh8+ Kxh8 43. gxh5 gxh5 44. Kh2 Kh7 45. Rg3 Ra7 46. Rg5 Kh6 47. f4 Bc6
48. Rb8 Be4 49. Rb6 Bg6 50. d5 Rd7 51. Rd6 Rb7 52. dxe6 Rb2+ 53. Rg2 1-0

[Event "Reykjavik Open 2024"]
[Site "Reykjavik ISL"]
[Date "2024.03.19"]
[Round "7.131"]
[White "Hill, Andy"]
[Black "Field, Lila Quinn"]
[Result "1-0"]
[WhiteElo "1926"]
[BlackElo "1747"]
[WhiteFideId "499927"]
[BlackFideId "30941334"]
[EventDate "2024.03.15"]

1. Nf3 d5 2. e3 Nf6 3. c4 e6 4. Nc3 Bd6 5. b3 O-O 6. Bb2 c5 7. cxd5 exd5 8. d4
cxd4 9. Nxd4 Nc6 10. Be2 Nxd4 11. Qxd4 Re8 12. Rd1 Be5 13. Qd2 Be6 14. O-O Rc8
15. Na4 Ne4 16. Qb4 Bxb2 17. Nxb2 a5 18. Qd4 Nc3 19. Rd2 Nxe2+ 20. Rxe2 Qg5 21.
Kh1 Rc6 22. Rd2 Rec8 23. Nd3 Qg4 24. Qxg4 Bxg4 25. h3 Be6 26. Nf4 Rc2 27. Rfd1
g6 28. Kg1 Rxd2 29. Rxd2 Rc1+ 30. Kh2 Kf8 31. Kg3 Ra1 32. Kf3 h6 33. h4 b6 34.
Ke2 b5 35. Kd3 a4 36. Kc3 axb3 37. axb3 Rb1 38. Kb4 h5 39. Ne2 Ke7 40. Nc3 Rh1
41. g3 Rc1 42. Nxb5 Rc8 43. Nd4 f6 44. Rc2 Rxc2 45. Nxc2 g5 46. Kc5 gxh4 47.
gxh4 Bc8 48. Nd4 Bb7 49. Kb6 Bc8 50. Kc7 Ba6 51. b4 Bc4 52. b5 Bxb5 53. Nxb5 Ke6
54. Nd4+ Ke5 55. f3 f5 56. Nc6+ Ke6 57. f4 d4 58. Nxd4+ Kd5 59. Nxf5 Ke4 60.
Ng3+ Kxe3 61. f5 1-0

[Event "Reykjavik Open 2024"]
[Site "Reykjavik ISL"]
[Date "2024.03.19"]
[Round "7.132"]
[White "Von Kistowski, Fynn"]
[Black "Kaser, Nicolas"]
[Result "0-1"]
[WhiteElo "1746"]
[BlackElo "1919"]
[WhiteFideId "1353888"]
[BlackFideId "1327739"]
[EventDate "2024.03.15"]

1. e4 c5 2. Nf3 Nc6 3. d4 cxd4 4. Nxd4 g6 5. c4 Nf6 6. Nc3 d6 7. Be3 Ng4 8. Nxc6
bxc6 9. Bf4 Bg7 10. Qc2 O-O 11. h3 Ne5 12. Be2 Qa5 13. Bd2 Be6 14. b3 Nd7 15.
O-O Qc7 16. Rad1 f5 17. Be3 f4 18. Bd4 Ne5 19. f3 g5 20. Rd2 h5 21. Nd1 Bf6 22.
Nf2 Kg7 23. Nd3 Nxf3+ 24. Rxf3 Bxd4+ 25. Nf2 Be3 26. Rd3 g4 27. Rfxe3 fxe3 28.
Rxe3 Qd7 29. Qc3+ Kf7 30. Nh1 Ke8 31. h4 Bf7 32. Ng3 Bg6 33. e5 d5 34. cxd5 cxd5
35. Qa5 Qd8 36. Qa4+ Kf7 37. Qf4+ Kg7 38. Qg5 Kh7 39. Bd3 Bxd3 40. Qxh5+ Kg7 41.
Rxd3 Qb6+ 42. Kh2 Qg6 43. Rxd5 Qxh5 44. Nxh5+ Kg6 45. e6 Rf5 46. Rxf5 Kxf5 47.
Kg3 Rc8 48. Kf2 Rc2+ 49. Ke3 Rxg2 0-1

[Event "Reykjavik Open 2024"]
[Site "Reykjavik ISL"]
[Date "2024.03.19"]
[Round "7.133"]
[White "Larkin, Benjamin"]
[Black "Dyshliuk, Fedir"]
[Result "1-0"]
[WhiteElo "1914"]
[BlackElo "1740"]
[WhiteFideId "479977"]
[BlackFideId "34142827"]
[EventDate "2024.03.15"]

1. e4 c6 2. d4 d5 3. e5 c5 4. Nf3 Bg4 5. dxc5 e6 6. Be3 Nc6 7. c3 Bxf3 8. Qxf3
Nxe5 9. Bb5+ Nc6 10. c4 Nf6 11. Nc3 Be7 12. O-O-O O-O 13. cxd5 exd5 14. Nxd5
Nxd5 15. Rxd5 Qa5 16. Bc4 Bf6 17. Rf5 Qb4 18. Bb3 Nd4 19. Bxd4 Qxd4 20. Qc3
Qxc3+ 21. bxc3 Bxc3 22. Rd1 Rac8 23. Rd7 b6 24. Rfxf7 Rxf7 25. Rxf7 Kh8 26. Be6
Ra8 27. c6 Be5 28. c7 Bxc7 29. Rxc7 a6 30. Rc8+ Rxc8+ 31. Bxc8 a5 32. a4 Kg8 33.
Kc2 Kf8 34. Kc3 Ke7 35. Kc4 Kd6 36. Bf5 h6 37. Kb5 Kc7 38. Be4 g5 39. g4 1-0

[Event "Reykjavik Open 2024"]
[Site "Reykjavik ISL"]
[Date "2024.03.19"]
[Round "7.134"]
[White "Naudin, Yvan"]
[Black "Hafthorsson, Jon Ulfur"]
[Result "1-0"]
[WhiteElo "1912"]
[BlackElo "1738"]
[WhiteFideId "625957"]
[BlackFideId "2323206"]
[EventDate "2024.03.15"]

1. d4 Nf6 2. c4 g6 3. Nc3 Bg7 4. e4 d6 5. f4 c5 6. d5 O-O 7. Nf3 e6 8. Be2 exd5
9. cxd5 Nbd7 10. O-O Re8 11. Nd2 c4 12. g4 Nc5 13. Bf3 b5 14. g5 Nfd7 15. Nxb5
Nb6 16. Nc3 Bh3 17. Bg2 Bxg2 18. Kxg2 Qd7 19. Qf3 Nd3 20. Rb1 Na4 21. Nxc4 Nxc3
22. bxc3 Nxc1 23. Rbxc1 Rac8 24. Nb2 Qb5 25. Rf2 Qa5 26. a4 Rxc3 27. Rxc3 Qxc3
28. Qxc3 Bxc3 29. Kf3 Rb8 30. Nc4 Rb3 31. Rc2 Bb4+ 32. Kg4 Kf8 33. Rb2 Rxb2 34.
Nxb2 Bc3 35. Nc4 Ke7 36. e5 dxe5 37. fxe5 Kd7 38. Kf4 Be1 39. Ne3 Bd2 40. Kf3
Bc3 41. Ng4 Ke7 42. Ke2 Bd4 43. Kd3 Bb2 44. Kc2 Bd4 45. Kb3 Kd7 46. Kc4 Bb2 47.
Kc5 Ba3+ 48. Kd4 Bb2+ 49. Ke4 Ke7 50. Nf6 Bc1 51. Nxh7 Bd2 52. d6+ Kd8 53. Kd5
Bf4 54. h3 a5 55. e6 fxe6+ 56. Kxe6 Bd2 57. Nf8 Bxg5 58. Nxg6 Bd2 59. h4 Bh6 60.
Ne5 1-0

[Event "Reykjavik Open 2024"]
[Site "Reykjavik ISL"]
[Date "2024.03.19"]
[Round "7.135"]
[White "Eythorsson, Engilbert Vidar"]
[Black "Van Meter, Lester"]
[Result "1/2-1/2"]
[BlackTitle "FM"]
[WhiteElo "1743"]
[BlackElo "1906"]
[WhiteFideId "2321769"]
[BlackFideId "2001691"]
[EventDate "2024.03.15"]

1. d4 c5 2. c3 g6 3. Nf3 Nf6 4. Bf4 Bg7 5. e3 O-O 6. Bd3 d6 7. Qc2 Nc6 8. O-O
Bg4 9. Nbd2 Rc8 10. Qa4 Bd7 11. Qd1 a6 12. a4 Qb6 13. Nc4 Qd8 14. Ncd2 Re8 15.
Bg3 h6 16. Re1 Be6 17. Qb1 Nh5 1/2-1/2

[Event "Reykjavik Open 2024"]
[Site "Reykjavik ISL"]
[Date "2024.03.19"]
[Round "7.136"]
[White "Thieu, Nguyen Gia Bao"]
[Black "Olsen, Rogvi Heinason"]
[Result "1-0"]
[WhiteElo "1906"]
[BlackElo "1710"]
[WhiteFideId "12913383"]
[BlackFideId "7204213"]
[EventDate "2024.03.15"]

1. e4 c6 2. Nf3 d5 3. Nc3 dxe4 4. Nxe4 Nf6 5. Qe2 Nxe4 6. Qxe4 Nd7 7. Bc4 e6 8.
d4 Nf6 9. Qf4 Bd6 10. Ne5 O-O 11. O-O Qc7 12. Bd3 c5 13. Qh4 Bxe5 14. dxe5 Qxe5
15. Bf4 Qh5 16. Qxh5 Nxh5 17. Bd6 Rd8 18. Bxc5 b6 19. Be3 Bb7 20. a4 Nf6 21. a5
Nd5 22. Bd2 e5 23. Be4 b5 24. a6 Bc6 25. Ba5 Rd7 26. Rfd1 Rc8 27. Bf5 Rdd8 28.
Bxd8 Rxd8 29. Be4 g6 30. g4 Kf8 31. Ra5 Rd7 32. Bxd5 Rxd5 33. Rxd5 Bxd5 34. Rxb5
Bc4 35. Rxe5 Bxa6 36. Ra5 Be2 37. Rxa7 Bxg4 38. b4 Be6 39. b5 Ke8 40. b6 Kd8 41.
Ra8+ Kd7 42. b7 1-0

[Event "Reykjavik Open 2024"]
[Site "Reykjavik ISL"]
[Date "2024.03.19"]
[Round "7.137"]
[White "Yazgi, Huseyin Yigit"]
[Black "Salzmann, Jan"]
[Result "1-0"]
[WhiteElo "1905"]
[BlackElo "1722"]
[WhiteFideId "6307060"]
[BlackFideId "24693634"]
[EventDate "2024.03.15"]

1. e4 e5 2. Nf3 Nc6 3. Bc4 Bc5 4. O-O d6 5. c3 Nf6 6. Re1 Be6 7. Bb5 O-O 8. d4
exd4 9. cxd4 Bb4 10. Nc3 Bg4 11. Qa4 Bxf3 12. Bxc6 Bxc3 13. bxc3 bxc6 14. gxf3
Qd7 15. Kg2 Nh5 16. Qa5 f5 17. e5 dxe5 18. dxe5 Rae8 19. Kh1 f4 20. e6 Rxe6 21.
Rxe6 Qxe6 22. Qxh5 Qe1+ 23. Kg2 Qxc3 24. Rb1 Qc2 25. Rb7 Qxc1 26. Rxc7 Qb2 27.
Rxa7 Qb5 28. Qg4 Qe5 29. h4 Qd4 30. Rd7 Qe5 31. Rb7 c5 32. Qd7 c4 33. Rc7 c3 34.
a4 h6 35. a5 Ra8 36. a6 Rxa6 37. Rc8+ Kh7 38. Re8 Qh5 39. Qd3+ Rg6+ 40. Kh3 Qc5
41. Re6 Qh5 42. Rc6 c2 43. Rxc2 Qe5 44. Rc6 Qe8 45. Ra6 h5 46. Qf5 Kh6 47. Qg5+
Kh7 48. Qxh5+ Rh6 1-0

[Event "Reykjavik Open 2024"]
[Site "Reykjavik ISL"]
[Date "2024.03.19"]
[Round "7.138"]
[White "Jonatansson, Sigurdur Freyr"]
[Black "Airlie, Arran"]
[Result "0-1"]
[WhiteElo "1731"]
[BlackElo "1894"]
[WhiteFideId "2303116"]
[BlackFideId "442011"]
[EventDate "2024.03.15"]

1. e4 c6 2. d4 d5 3. f3 dxe4 4. fxe4 e5 5. Nf3 Bg4 6. Be3 Nd7 7. Bc4 Ngf6 8. Nc3
Qb6 9. Qd3 Bxf3 10. gxf3 exd4 11. Bxd4 Bc5 12. O-O-O Bxd4 13. Qxd4 Qxd4 14. Rxd4
Ne5 15. Be2 Nh5 16. Kd2 Nf4 17. Ke3 g5 18. Rg1 f6 19. Na4 b6 20. b4 Ke7 21. Rgd1
Rac8 22. Ba6 Rc7 23. c4 Ng2+ 24. Kf2 Nh4 25. Kg3 Nhxf3 26. Rd6 h5 27. c5 b5 28.
Nc3 h4+ 29. Kg2 h3+ 30. Kf2 Nxh2 31. Bxb5 Nhg4+ 32. Kg3 Ne3 33. Rh1 cxb5 34.
Nxb5 Rb7 35. Nd4 Rxb4 36. Rxh3 Rxh3+ 37. Kxh3 Rc4 38. Nc6+ Nxc6 39. Rxc6 a5 40.
Rc7+ Ke6 41. Rc8 Rxe4 42. Ra8 a4 43. c6 Kd6 44. Ra6 Nd5 45. Kg3 f5 46. Kf3 Rf4+
47. Kg2 Nc7 48. Ra5 Kxc6 49. Kg3 Nb5 50. Ra6+ Kc5 51. Rg6 Rg4+ 52. Kf2 Nd4 53.
Rg8 Kb4 54. Rb8+ Ka3 55. Ra8 Nc2 56. Rc8 Nb4 57. Rc5 Nd3+ 0-1

[Event "Reykjavik Open 2024"]
[Site "Reykjavik ISL"]
[Date "2024.03.19"]
[Round "7.139"]
[White "Skjoldebrand, Martin"]
[Black "Arun, Rahul"]
[Result "1/2-1/2"]
[WhiteElo "1884"]
[BlackElo "1693"]
[WhiteFideId "1711911"]
[BlackFideId "2524210"]
[EventDate "2024.03.15"]

1. d4 Nf6 2. c4 c6 3. Nc3 d5 4. cxd5 cxd5 5. Bf4 a6 6. e3 Nc6 7. Rc1 e6 8. Bd3
Bb4 9. Nf3 O-O 10. O-O Bd7 11. Ne5 Nxe5 12. Bxe5 Rc8 13. Qb3 Bxc3 14. Rxc3 Bc6
15. Rfc1 Ra8 16. f3 Re8 17. Qc2 g6 18. Bg3 Qa5 19. a3 Qd8 20. Qf2 Nh5 21. f4
Nxg3 22. Qxg3 Qc7 23. Bb1 Kh8 24. Qh3 Rec8 25. Qg3 Re8 26. Qh3 Rec8 27. Qg3 1/2-1/2

[Event "Reykjavik Open 2024"]
[Site "Reykjavik ISL"]
[Date "2024.03.19"]
[Round "7.140"]
[White "Adlerborn, Elis"]
[Black "Spagnoli, Benjamin"]
[Result "0-1"]
[WhiteElo "1719"]
[BlackElo "1883"]
[WhiteFideId "1768280"]
[BlackFideId "20667116"]
[EventDate "2024.03.15"]

1. e4 c6 2. c4 d5 3. cxd5 cxd5 4. exd5 Nf6 5. Nc3 Nxd5 6. Bc4 Nb6 7. Bb3 Nc6 8.
Nf3 Bf5 9. d4 e6 10. O-O Be7 11. Bf4 O-O 12. Re1 Bf6 13. Be5 Bg4 14. Re4 Bh5 15.
Bxf6 Qxf6 16. g4 Bg6 17. g5 Qd8 18. Rh4 Nd5 19. Nxd5 exd5 20. Bc2 Rc8 21. Qd2
Ne5 22. Nxe5 Rxc2 23. Qe3 Re8 24. Qg3 Qc7 25. Qh3 Rc1+ 26. Rxc1 Qxc1+ 27. Kg2
Be4+ 28. Kg3 Qg1+ 29. Kf4 Qxf2+ 30. Nf3 Bxf3 31. Qg3 Qxd4+ 0-1

[Event "Reykjavik Open 2024"]
[Site "Reykjavik ISL"]
[Date "2024.03.19"]
[Round "7.141"]
[White "Arnalds, Stefan"]
[Black "Liagre, Nicolas Gonzague Henri"]
[Result "0-1"]
[WhiteElo "1876"]
[BlackElo "1698"]
[WhiteFideId "2304821"]
[BlackFideId "6002390"]
[EventDate "2024.03.15"]

1. d4 d5 2. Nf3 c6 3. g3 e6 4. Bg2 Nf6 5. O-O Bd6 6. b3 O-O 7. c4 Nbd7 8. Nc3 h6
9. Bb2 b6 10. cxd5 cxd5 11. Qd3 a5 12. Rac1 Ba6 13. Qb1 Rc8 14. Rc2 Rc7 15. Rfc1
Qb8 16. Bf1 Rfc8 17. e3 Bxf1 18. Kxf1 b5 19. Kg2 Qb7 20. h3 Qb8 21. Ne1 b4 22.
Na4 Ne4 23. g4 Be7 24. Nd3 Bh4 25. Rxc7 Rxc7 26. Rxc7 Qxc7 27. Qc1 Qb8 28. f4 g5
29. Qc6 gxf4 30. exf4 Nf8 31. Nac5 Ng6 32. Nd7 Nxf4+ 33. Kf3 Nd2+ 34. Ke3 Nf1+
35. Kf3 Nh2+ 36. Ke3 Ng2+ 37. Kd2 Qg3 38. Bc1 Qe3+ 39. Kc2 Qe2+ 40. Bd2 Ne3+ 41.
Kc1 Qd1+ 0-1

[Event "Reykjavik Open 2024"]
[Site "Reykjavik ISL"]
[Date "2024.03.19"]
[Round "7.142"]
[White "Molina Cruz, Jurgen Snaider"]
[Black "Smith, Alexander"]
[Result "0-1"]
[WhiteElo "1708"]
[BlackElo "1857"]
[WhiteFideId "3911381"]
[BlackFideId "30996910"]
[EventDate "2024.03.15"]

1. d4 Nf6 2. Nf3 g6 3. e3 Bg7 4. Bd3 O-O 5. O-O d6 6. h3 Nbd7 7. b4 a5 8. b5 Re8
9. Bb2 e5 10. dxe5 dxe5 11. Bc4 Qe7 12. Ng5 Rf8 13. Ba3 Nc5 14. Nc3 b6 15. Nxf7
Rxf7 16. Bxf7+ Qxf7 17. Bxc5 bxc5 18. Qd8+ Bf8 19. Qd2 c4 20. a3 Bb7 21. Rfd1
Bc5 22. Qe1 Rf8 23. Rd2 Qe6 24. Qd1 Be7 25. Qe2 Kg7 26. f3 Rf7 27. Na4 Nh5 28.
Qe1 Qf5 29. c3 Qg5 30. Kh2 Bd6 31. b6 e4+ 32. f4 Nxf4 33. g3 Nd3 34. Qg1 Rf3 35.
Rg2 Bc8 36. Rf1 Qh4 37. Kh1 Qxh3+ 0-1

[Event "Reykjavik Open 2024"]
[Site "Reykjavik ISL"]
[Date "2024.03.19"]
[Round "7.143"]
[White "Keenan, Alex"]
[Black "Davidsen, Rokur"]
[Result "1-0"]
[WhiteElo "1839"]
[BlackElo "1682"]
[WhiteFideId "2409518"]
[BlackFideId "7203098"]
[EventDate "2024.03.15"]

1. Nf3 c5 2. g3 Nc6 3. Bg2 d5 4. d4 cxd4 5. Nxd4 e5 6. Nxc6 bxc6 7. c4 Be6 8.
Nc3 Bb4 9. Qa4 Bxc3+ 10. bxc3 Qd7 11. O-O Ne7 12. Ba3 Rc8 13. Rad1 Bh3 14. Bxh3
Qxh3 15. cxd5 h5 16. d6 h4 17. d7+ Kd8 18. dxc8=Q+ Kxc8 19. Qa6+ Kb8 20. Rb1+
Ka8 21. Qb7# 1-0

[Event "Reykjavik Open 2024"]
[Site "Reykjavik ISL"]
[Date "2024.03.19"]
[Round "7.144"]
[White "Chilton, James I"]
[Black "Solsker, Jonas"]
[Result "1-0"]
[WhiteElo "1823"]
[BlackElo "1681"]
[WhiteFideId "423009"]
[BlackFideId "7204124"]
[EventDate "2024.03.15"]

1. c4 Nf6 2. d4 g6 3. Bf4 Bg7 4. Nc3 O-O 5. Nf3 d6 6. e3 Re8 7. Bd3 Nbd7 8. d5
Nc5 9. Bc2 a5 10. O-O e5 11. Bg5 h6 12. Bh4 g5 13. Bg3 Nh5 14. Nd2 Nxg3 15. hxg3
f5 16. e4 f4 17. gxf4 gxf4 18. Qh5 Kh7 19. Nf3 Bf6 20. Qf7+ Kh8 21. Qg6 Bg5 22.
Nxg5 hxg5 23. f3 Bd7 24. Kf2 Bh3 25. Rh1 g4 26. fxg4 Re7 27. Rxh3+ Rh7 28. Rxh7# 1-0

[Event "Reykjavik Open 2024"]
[Site "Reykjavik ISL"]
[Date "2024.03.19"]
[Round "7.145"]
[White "Gilsson, Asmund"]
[Black "Gulbinski, Michal"]
[Result "0-1"]
[WhiteElo "1821"]
[BlackElo "1671"]
[WhiteFideId "1541242"]
[BlackFideId "21086079"]
[EventDate "2024.03.15"]

1. d4 d5 2. c4 c6 3. Nc3 Nf6 4. cxd5 cxd5 5. Bg5 Nc6 6. e3 e6 7. Bd3 Be7 8. Nge2
h6 9. Bh4 Qb6 10. Rb1 O-O 11. O-O a5 12. Nb5 Nb4 13. Nec3 Nxd3 14. Qxd3 Bd7 15.
Bxf6 Bxf6 16. f4 a4 17. b3 Bxb5 18. Qxb5 Qxb5 19. Nxb5 axb3 20. axb3 Ra6 21.
Rfc1 Rb6 22. Nc3 Rc8 23. Ne2 Rxc1+ 24. Nxc1 Rc6 25. Kf2 Rc2+ 26. Kf3 g5 27. Ne2
g4+ 28. Kf2 Bh4+ 29. g3 Be7 30. Rc1 Rxc1 31. Nxc1 Bd6 32. Nd3 Kf8 33. h3 gxh3
34. g4 b6 35. b4 h2 36. Kg2 h1=Q+ 37. Kxh1 f6 38. Kg2 Kf7 39. Kg3 Kg6 40. b5 f5
41. Ne1 fxg4 42. Kxg4 h5+ 43. Kh4 Be7+ 44. Kh3 Kf5 45. Nf3 Ke4 46. Ng5+ Bxg5 47.
fxg5 Kf5 48. Kh4 Kg6 49. Kh3 Kxg5 50. Kg3 Kf5 0-1

[Event "Reykjavik Open 2024"]
[Site "Reykjavik ISL"]
[Date "2024.03.19"]
[Round "7.146"]
[White "Pollitt, Henry"]
[Black "Vega, Isaac"]
[Result "0-1"]
[WhiteElo "1674"]
[BlackElo "1818"]
[WhiteFideId "2644916"]
[BlackFideId "30914035"]
[EventDate "2024.03.15"]

1. e4 c5 2. c3 d5 3. exd5 Qxd5 4. d4 Nf6 5. Nf3 e6 6. Be3 cxd4 7. cxd4 Be7 8.
Nc3 Qd6 9. Bd3 O-O 10. O-O Nc6 11. Rc1 a6 12. Na4 Bd8 13. Nc5 b6 14. Ne4 Nxe4
15. Bxe4 Bb7 16. Ne5 Rc8 17. Qf3 Nxd4 18. Bxd4 Rxc1 19. Rxc1 Qxd4 20. Bxb7 Qxe5
21. Qc3 Qb5 22. b3 Bf6 23. Qc4 Qxc4 24. Rxc4 Rd8 25. Kf1 a5 26. Rc6 Bd4 27. Ke2
Bc5 28. f3 g5 29. Ba6 Kg7 30. Bc4 h5 31. Rc7 Kf6 32. Rb7 Rd4 33. Rb8 a4 34. Rh8
Rh4 35. h3 a3 36. Rh7 Kg6 37. Bd3+ f5 38. Rh8 Kg7 39. Re8 g4 40. hxg4 fxg4 41.
Rxe6 gxf3+ 42. Kxf3 Kf7 43. Re4 Rh1 44. Re2 Kf6 45. Bc4 Kf5 46. Be6+ Kg5 47. Bd5
Rf1+ 48. Ke4 Rf4+ 49. Ke5 b5 50. Bf3 b4 51. Kd5 Bg1 52. Re5+ Kf6 53. Rxh5 Rd4+
54. Kc5 Be3 55. Kb5 Bg5 56. Rh1 Bd2 57. Rd1 Ke5 58. Kc5 Rd8 59. Kc4 Kf4 60. Rxd2
Rxd2 61. Kxb4 Rxa2 62. Ka4 Rxg2 63. Kxa3 Kxf3 64. Kb4 Ke4 65. Kc5 Rc2+ 66. Kb5
Kd5 67. Ka5 Kc6 68. Ka4 Ra2+ 69. Kb4 Kb6 70. Kc4 Rh2 71. b4 Rh4+ 72. Kc3 Kb5 73.
Kd3 Kxb4 74. Ke3 Kc3 75. Kf3 Kd3 76. Kg3 Re4 77. Kf3 Re8 78. Kg4 Ke4 79. Kg5 Ke5
80. Kg6 Rf8 81. Kg7 Rf1 82. Kg6 Rf2 83. Kg7 Ke6 84. Kg6 Rg2+ 85. Kh5 Kf5 86. Kh4
Rg8 87. Kh3 Kf4 88. Kh2 Kf3 89. Kh1 Rh8+ 90. Kg1 Rh7 91. Kf1 Rh1# 0-1

[Event "Reykjavik Open 2024"]
[Site "Reykjavik ISL"]
[Date "2024.03.19"]
[Round "7.147"]
[White "Aoun, Karim"]
[Black "Oskarsson, Markus Orri"]
[Result "0-1"]
[WhiteElo "1670"]
[BlackElo "1816"]
[WhiteFideId "5314216"]
[BlackFideId "2320118"]
[EventDate "2024.03.15"]

1. Nf3 d5 2. d4 Nf6 3. g3 e6 4. Bg2 Be7 5. O-O O-O 6. b3 c6 7. Ba3 Bxa3 8. Nxa3
Nbd7 9. c4 Ne4 10. Qd3 f5 11. Nd2 b6 12. cxd5 exd5 13. f3 Nxd2 14. Qxd2 Ba6 15.
Rfe1 Nf6 16. Qc2 Qe7 17. Nb1 Qe3+ 18. Kh1 f4 19. Qc3 Qf2 20. Nd2 fxg3 21. Rf1
Qxe2 22. Rae1 Qd3 23. Qb4 Qg6 24. Rg1 gxh2 25. Kxh2 Qh6+ 26. Kg3 Nh5+ 27. Kf2
Qf4 28. Bf1 Qh4+ 0-1

[Event "Reykjavik Open 2024"]
[Site "Reykjavik ISL"]
[Date "2024.03.19"]
[Round "7.148"]
[White "Eustratiadis, Panagiotis"]
[Black "Vollmar, Timo"]
[Result "0-1"]
[WhiteElo "1653"]
[BlackElo "1809"]
[WhiteFideId "40100448"]
[BlackFideId "16253582"]
[EventDate "2024.03.15"]

1. e4 e5 2. Nf3 Nc6 3. d4 exd4 4. Bc4 Bc5 5. Ng5 Nh6 6. Nxf7 Nxf7 7. Bxf7+ Kxf7
8. Qh5+ g6 9. Qxc5 d6 10. Qb5 Re8 11. O-O Qe7 12. f3 Kg7 13. b3 Qe5 14. Na3 a6
15. Qe2 Kg8 16. Qd3 Be6 17. Nc4 Qc5 18. a3 b5 19. Nb2 Ne5 20. b4 Nxd3 21. bxc5
Nxc1 22. Raxc1 dxc5 23. Nd3 c4 24. Nb4 c5 25. Nc6 Bd7 26. Na5 Rab8 27. Rfd1 Rb6
28. Rb1 Be6 29. c3 dxc3 30. Rdc1 b4 31. Rxc3 bxc3 32. Rxb6 c2 33. Kf2 c1=Q 34.
Nb7 Qd2+ 35. Kg3 h5 36. Nd6 g5 37. h3 Rd8 38. Nb7 h4+ 39. Kh2 Qf4+ 0-1

[Event "Reykjavik Open 2024"]
[Site "Reykjavik ISL"]
[Date "2024.03.19"]
[Round "7.149"]
[White "Petersen, Elias"]
[Black "Imam-Sadeque, Ali"]
[Result "1-0"]
[WhiteElo "1808"]
[BlackElo "1652"]
[WhiteFideId "7202725"]
[BlackFideId "343422500"]
[EventDate "2024.03.15"]

1. c4 c6 2. d4 d5 3. Nc3 Nf6 4. Nf3 e6 5. g3 Bd6 6. Bg2 O-O 7. O-O Nbd7 8. Qc2
Re8 9. Rd1 Bf8 10. b3 Nb6 11. c5 Nbd7 12. Bf4 a5 13. a3 g6 14. b4 axb4 15. axb4
Rxa1 16. Rxa1 Bg7 17. b5 Nh5 18. Bd6 Bf8 19. Bxf8 Kxf8 20. e4 e5 21. exd5 exd4
22. Nxd4 cxd5 23. Nxd5 Ndf6 24. Qc4 Re5 25. Nxf6 Qxf6 26. Rc1 Qe7 27. Qc3 Nf6
28. c6 b6 29. Qa1 Kg7 30. h3 Qb4 31. Rd1 h6 32. g4 Kh7 33. Nf3 Re6 34. g5 Nh5
35. gxh6 Qxb5 36. Rd8 1-0